| 000 | 00571nam a2200229Ia 4500 | ||
|---|---|---|---|
| 008 | 160803s9999 xx 000 0 und d | ||
| 020 | _a0 307265102 | ||
| 100 | _aRoy, Ron | ||
| 245 | _aWho cloned the President? / | ||
| 245 | _cby Ron Roy ; illustrated by Liza Woodruff. | ||
| 260 | _aNew York : | ||
| 260 | _bScholastic Inc. | ||
| 260 | _c2001 | ||
| 300 | _a75 pages : | ||
| 300 | _billustrations ; | ||
| 300 | _c20 cm. | ||
| 440 | _aRoad to reading., | ||
| 440 | _vMile 5. | ||
| 650 | _aCloning -- | ||
| 650 | _xJuvenile fiction. | ||
| 700 | _a340 | ||
| 999 |
_c298723 _d298723 |
||